| 000 | 00697cam a2200205 a 4500 | ||
|---|---|---|---|
| 001 | 000011178 | ||
| 005 | 20200929162400.0 | ||
| 008 | 770404s1973 fr b 001 0 spa | ||
| 015 | _aF*** | ||
| 040 |
_aDO-SdBNP _cDLC _dDLC |
||
| 082 |
_a613.194 _bS129d |
||
| 100 | 1 |
_aSagrera, Martín. _d1935- _926705 |
|
| 245 | 1 | 3 |
_aEl des-cubrimiento del hombre : _bintroducción al estudio del subdesarrollo sexual : con los resultados de una encuesta en ocho países / _cMartín Sagrera. |
| 260 |
_aParis : _bRuedo Ibérico, _c1973. |
||
| 300 |
_a328 p. ; _c22 cm. |
||
| 504 | _aIncluye referencias bibliográficas. | ||
| 650 | 4 |
_aNudismo _926706 |
|
| 910 | _aCatalogación por copia / LC | ||
| 049 | _aBNGR | ||
| 999 |
_c10901 _d10901 |
||